| 000 | 00679nam a22002297a 4500 | ||
|---|---|---|---|
| 001 | 8362 | ||
| 003 | FISKH | ||
| 005 | 20250911083725.0 | ||
| 008 | 250910b cb ||||| |||| 00| 0 eng d | ||
| 040 |
_aFISKH _beng _cFISKH _dFISKH |
||
| 050 | _aPZ7 | ||
| 082 | _a909.7 | ||
| 100 | _aDutta, Shyama | ||
| 245 |
_aLet's know about Asia / _cBy Shyama Dutta |
||
| 250 | _aFirst published in 2003 | ||
| 260 |
_aUnicate House, Viman Nagar : _bUnicate Publications , _c2003. |
||
| 300 |
_a12 unnumbered pages : _bcolor illustrations ; _c20 cm . |
||
| 700 |
_aSharma, Pankaj _eProject Management |
||
| 700 |
_aRoncon, Jenifer _eProff Reader |
||
| 942 |
_2ddc _cBK _n0 |
||
| 999 |
_c8362 _d8362 |
||